zpět

Detail výsledku týmu

Hloupý Honza, Praha

Datum a čas kvízu

41.5 Celkem bodů Celkový počet nahraných bodů na tomto kvízu bez doplňovacích otázek.
1. Pořadí na kvízu Konečné umístění týmu na tomto kvízu.

Zaznamenané odpovědi

# Otázka Odpověď Body Výsledky
1. Na středeční mimořádné schůzi... 1
2. Za „trapas dne“ označila ruská... 1
3. Krátce před začátkem natáčení... 0
4. Americká nápojářská firma minu... 0.5
5. Tým FC Sevilla byl ve čtvrtečn... 1
6. Téma o Krtečkovi jste si vybra... 1
7. Jak se správně zapisuje jméno... 1
8. Příběhy o Krtkovi vznikaly pod... 1
9. V jedné z epizod najde Krtek z... 1
10. Vrátíme se ještě ke tvůrci Krt... 1